000 00339nam a2200133Ia 4500
008 220216s9999 xx 000 0 und d
100 _aWright J M
245 0 _aVulcanisation of rubber with m-Dinitrobenzene
260 _bIRI Transactions
_c1936
300 _a183-196
650 _am-Dinitration
650 _aVulcanisation
942 _cJS
999 _c72242
_d72242